01722nam a2200313Ia 450000500170000000800410001702000150005810000290007324500510010225000230015330000680017649000360024450000220028050504010030265000410070365000350074465000380077994200120081726400310082933600270086033700330088733800280092004000350094808400150098399900150099895201340101395201330114795201280128020220317000549.0160601s2005 ck a g 000 0 spa  a95863337521 aZaragoza Rovira, Gonzalo14aLos grandes descubrimientos cGonzalo Zaragoza a2a. reimpresión  a95 páginas bilustraciones cilustraciones, mapas y retratos  aBiblioteca básica de historia aIncluye glosario  aLos universos aislados del siglo ; La expansión por el Atlántico ; El descubrimiento de América ; De Santo Domingo a los grandes imperios americanos ; La conquista y el indígena ; Más europeos aparecen en el continente ; consecuencias de los descubrimientos en Europa ; La sociedad colonial ; La exploración del Pacífico ; Los nuevos imperios del XVII : Francia, Inglaterra, Holanda142LEMBaDescubrimientos geográficos 142LEMBaGeografía histórica 142LEMBaExpediciones científicas  2loccBK aBogotá bRei Andesc2005 atextobtxt2rdacontent asin mediaciónbn2rdamedia avolumenbnc2rdacarrier aCO-BoRNBPbspaerdacCO-BoRNBP a910.4 Z17g c4401d4401 00102ddc40708GENaMEPRICObMEPRICOcGENd2023-02-15l0o910.4Z17G Ej.1pPR00000713r2023-02-15 00:00:00tEj.1w2023-02-15yBK 00102ddc40708GENaMEMAPIRIbMEMAPIRIcGENd2024-01-10l0o910.4 Z17gpMAP00001533r2024-01-10 15:33:00tEj.1w2024-01-10yBK 00102ddc40708GENaMEURIBEbMEURIBEcGENd2024-08-20l0o910.4 Z17gpURI01187r2024-08-20 11:31:47tEj.1w2024-08-20yBK